01795nam a2200349 a 4500001001200000003000800012006001900020007001500039008004100054010001700095020002800112040002100140035002100161043001200182050002600194082002300220245011600243260005800359300001700417490002800434504006000462505041300522533015200935650002701087650003501114650004801149655002901197700002201226710001701248830005401265856012601319ebr10233695CaPaEBRm u cr cn|||||||||041202s2005 enk sb 000 0 eng  z 2004027976 z0192804804 (alk. paper) aCaPaEBRcCaPaEBR a(OCoLC)252697393 ae-uk---14aPR1309.H6bL38 2005eb04a823/.08729080822200aLate Victorian Gothic talesh[electronic resource] /cedited with an introduction and notes by Roger Luckhurst. aOxford ;aNew York :bOxford University Press,c2005. axliv, 282 p.1 aOxford world's classics aIncludes bibliographical references (p. [xxxiv]-xxxix).0 aLord Arthur Savile's crime / Oscar Wilde -- Sir Edmund Orme / Henry James -- The mark of the beast / Rudyard Kipling -- The Dak bungalow at Dakor / B.M. Croker -- Lot no. 249 / Arthur Conan Doyle -- The case of Lady Sannox / Arthur Conan Doyle -- Pallinghurst barrow / Grant Allen -- Magic lantern / Jean Lorrain -- The spectral hand / Jean Lorrain -- The great god Pan / Arthur Machen -- Vaila / M.P. Shiel. aElectronic reproduction.bPalo Alto, Calif. :cebrary,d2013.nAvailable via World Wide Web.nAccess may be limited to ebrary affiliated libraries. 0aHorror tales, English. 0aEnglish fictiony19th century. 0aGothic revival (Literature)zGreat Britain. 7aElectronic books.2local1 aLuckhurst, Roger.2 aebrary, Inc. 0aOxford world's classics (Oxford University Press)40uhttp://site.ebrary.com/lib/rucke/Doc?id=10233695zAn electronic book accessible through the World Wide Web; click to view